2025-2026 New Orleans Saints Roster - Statistics

General Stats
  • This quiz has been taken 58 times
  • The average score is 12 of 51
Answer Stats
Position Name % Correct
Quarterback Tyler Shough
95%
Running Back Alvin Kamara
89%
Wide Receiver Chris Olave
84%
Quarterback Spencer Rattler
82%
Tight End Juwan Johnson
68%
Tight End Taysom Hill
58%
Cornerback Michael Davis
47%
Linebacker Demario Davis
45%
Running Back Audric Estime
42%
Defensive Lineman Cameron Jordan
37%
Defensive Lineman Chase Young
37%
Placekicker Charlie Smyth
34%
Cornerback Kool-Aid McKinstry
34%
Offensive Lineman Kelvin Banks Jr.
32%
Offensive Lineman Taliese Fuaga
32%
Wide Receiver Mason Tipton
29%
Cornerback Alontae Taylor
26%
Offensive Lineman Cesar Ruiz
24%
Safety Justin Reid
21%
Defensive Lineman Carl Granderson
16%
Wide Receiver Dante Pettis
16%
Running Back Evan Hull
16%
Wide Receiver Kevin Austin Jr.
16%
Defensive Lineman Jonah Williams
13%
Defensive Lineman Bryan Bresee
11%
Linebacker Danny Stutsman
11%
Defensive Lineman Davon Godchaux
11%
Punter Kai Kroeger
11%
Tight End Moliki Matavao
11%
Long Snapper Zach Wood
11%
Cornerback Isaac Yiadom
8%
Tight End Jack Stoll
8%
Defensive Lineman John Ridgeway III
8%
Safety Jonas Sanker
8%
Linebacker Pete Warner
8%
Safety Ugo Amadi
8%
Offensive Lineman Asim Richards
5%
Offensive Lineman Dillon Radunz
5%
Linebacker Jaylan Ford
5%
Defensive Lineman Jonathan Bullard
5%
Cornerback Jordan Howden
5%
Defensive Lineman Khristian Boyd
5%
Offensive Lineman Luke Fortner
5%
Cornerback Rezjohn Wright
5%
Safety Terrell Burgess
5%
Offensive Lineman Torricelli Simpkins III
5%
Tight End Zaire Mitchell-Paden
5%
Defensive Lineman Chris Rumph II
3%
Linebacker Isaiah Stalbird
3%
Defensive Lineman Nathan Shepherd
3%
Offensive Lineman Xavier Truss
3%
No matching quizzes found
Score Distribution
Percent of People with Each Score
Percentile by Number Answered
Your Score History
You have not taken this quiz